000 00627nam a2200205Ii 4500
003 JO-AjNU
008 230605s9999||||xx |||||||||||||| ||und||
040 _aJO-AjNU
_bara
_erda
_cJO-AjNU
041 _aara
050 1 4 _aBF200.S222.1967
100 3 _aعبد الرحمن،سعد,
_eauthor
_917529
245 0 0 _aأسس القياس النفسي والاجتماعي
250 _aط1
264 3 1 _aد.م:سعد عبد الرحمن ، 1967
300 _a358ص
336 _atext
_btxt
_2rdacontent
337 _aunmediated
_bn
_2rdamedia
338 _avolume
_bnc
_2rdacarrier
650 4 _aعلم نفس اجتماعي
_917530
999 _aA5431
_c8999
_d8999